Joseph Andrews and his friend Mr. Abrahams Adams

Novela sátira que relata la historia del joven Joseph Andrews, un joven virtuoso que tras rechazar la seducción de Sra. Boddy es despedido y echado de la casa por lo que inicia un viaje para ir donde vivía su querida Fanny, su verdadero amor, pasando por diversas situaciones que prueban su gran virt...

Täydet tiedot

Tallennettuna:
Bibliografiset tiedot
Päätekijä: Fielding, Henry
Aineistotyyppi: Kirja
Kieli:Undetermined
Julkaistu: New York, Estados Unidos Asignet classic 1960
Painos:6
Aiheet:
Tagit: Lisää tagi
Ei tageja, Lisää ensimmäinen tagi!

MARC

LEADER 00000nam a2200000Ia 4500
008 170316s9999 xx 000 0 und d
040 |a cru BVZT 
090 |a 820 F-2j 
100 |a Fielding, Henry 
245 |a Joseph Andrews and his friend Mr. Abrahams Adams 
250 |a 6 
260 |a New York, Estados Unidos 
260 |b Asignet classic 
260 |c 1960 
300 |a 319 páginas 
520 |a Novela sátira que relata la historia del joven Joseph Andrews, un joven virtuoso que tras rechazar la seducción de Sra. Boddy es despedido y echado de la casa por lo que inicia un viaje para ir donde vivía su querida Fanny, su verdadero amor, pasando por diversas situaciones que prueban su gran virtud y amor por Fanny, además de encontrarse con diversos personajes que le acompañaran o auxiliaron en el camino. 
650 |a LITERATURA INGLESA  |9 12 
999 |c 6880  |d 6880 
942 |c 15 D  |h 820 F-2j  |2 z